Špecifiká uplatnenia diagnostických metód v malých a stredných podnikoch dizertačná práca

Uložené v:
Podrobná bibliografia
Hlavný autor: Hutera, Milan
Korporativný autor: Fakulta podnikového manažmentu EU. Katedra podnikovohospodárska
Ďalší autori: Neumannová, Anna
Médium: Kniha
Jazyk:Slovak
Vydavateľské údaje: Bratislava 2013
Predmet:
Tagy: Pridať tag
Žiadne tagy, Buďte prvý, kto otaguje tento záznam!

MARC

LEADER 00000nbm a2200000 4500
001 0174201
005 20240502072954.0
041 0 |a slo 
044 |a SK 
245 1 0 |a Špecifiká uplatnenia diagnostických metód v malých a stredných podnikoch  |b dizertačná práca  |c Milan Hutera ; školiteľ: Anna Neumannová 
264 1 |a Bratislava  |c 2013 
300 |a 160 s. 
610 2 0 |a diagnostika podniková 
610 2 0 |a podnik malý 
610 2 0 |a podnik stredný 
100 1 |a Hutera, Milan 
700 1 |a Neumannová, Anna 
710 2 |a Fakulta podnikového manažmentu EU. Katedra podnikovohospodárska